Toward a new psychology of women / (Record no. 725)

MARC details
000 -LEADER
fixed length control field 00616cam a2200217 i 4500
005 - DATE AND TIME OF LATEST TRANSACTION
control field 20260322212031.0
008 - FIXED-LENGTH DATA ELEMENTS--GENERAL INFORMATION
fixed length control field data
010 ## - LIBRARY OF CONGRESS CONTROL NUMBER
LC control number 75036043
020 ## - INTERNATIONAL STANDARD BOOK NUMBER
International Standard Book Number 0807029580
020 ## - INTERNATIONAL STANDARD BOOK NUMBER
International Standard Book Number 9780807029589
050 0# - LIBRARY OF CONGRESS CALL NUMBER
Classification number HQ1206
Item number .M52
090 ## - LOCALLY ASSIGNED LC-TYPE CALL NUMBER (OCLC); LOCAL CALL NUMBER (RLIN)
Classification number (OCLC) (R) ; Classification number, CALL (RLIN) (NR) HQ 1206 M615t 1976
001 - CONTROL NUMBER
control field data
100 1# - MAIN ENTRY--PERSONAL NAME
Personal name Miller, Jean Baker.
245 10 - TITLE STATEMENT
Title Toward a new psychology of women /
Statement of responsibility, etc. Jean Baker Miller.
260 0# - PUBLICATION, DISTRIBUTION, ETC.
Place of publication, distribution, etc. Boston :
Name of publisher, distributor, etc. Beacon Press,
Date of publication, distribution, etc. c1976.
300 ## - PHYSICAL DESCRIPTION
Extent xi, 143 p. ;
Dimensions 21 cm.
504 ## - BIBLIOGRAPHY, ETC. NOTE
Bibliography, etc. note Includes bibliographical references and index.
590 ## - LOCAL NOTE (RLIN)
Local note Includes bibliographical references and index.
650 #0 - SUBJECT ADDED ENTRY--TOPICAL TERM
Topical term or geographic name entry element Women
General subdivision Psychology.
Holdings
Withdrawn status Lost status Damaged status Not for loan Home library Current library Shelving location Date acquired Total checkouts Full call number Barcode Date last seen Price effective from Koha item type
        Franklin Franklin General stacks 22/03/2026   HQ1206 .M52 BC0010742 22/03/2026 22/03/2026 Books